Oracle certified professional DBO certification exam guide

Saved in:
Bibliographic Details
Main Author: Couchman
Format: Book
Published: New York McGraw-Hill 2000
Subjects:
Tags: Add Tag
No Tags, Be the first to tag this record!
Call Number :QA 76.3 C683 2000

MARC

LEADER 00000pam a2200000 4500
001 34881
003 MY-KLNDU
005 20241218090548.0
020 0 0 |a 0072123613 
035 |a 0000023081 
039 9 |a 201401282032  |b zul  |c 201305091659  |d zul  |y 200910091557  |z VLOAD 
090 0 0 |a QA 76.3  |b C683 2000 
100 1 0 |a Couchman  |h Jason S. 
245 1 0 |a Oracle certified professional DBO certification exam guide  |c Jason S. Couchman 
260 0 0 |a New York  |b McGraw-Hill  |c 2000 
300 |a xxvi, 543p.  |b ill.  |c 23cm 
500 0 0 |a Includes index 
500 0 0 |a Includes Cd Rom ISBN No. 1001139001 
650 0 0 |a Oracle ( Computer file ) 
650 0 0 |a Electronic data processing personal  |x Certification 
650 0 0 |a Database management  |x Examinations  |x Study guides 
999 |a vtls000024576  |c 34881  |d 34881